• 首页
  • 本馆介绍
  • 公告通知
  • 最新文献
  • 馆藏检索
  • 电子资源
  • 读者导购
  • 参考咨询
  • 我的图书馆
  • 登录
  • 详细信息显示
  • 放入我的书架
  • 预约/预借图书
  • 作者相关作品
  • 分类相关作品
  • 丛书相关作品
  • 出版社相关作品

书目信息

  • 表格格式
  • 工作单格式
  • 卡片格式
题名:
足球经理
    
 
作者: 卡森 著 ;厦门阅洁作翻译服务公司 译
分册:  
出版信息: 北京   北京时代华文书局  2014
页数: 305页
开本: 24cm
丛书名:
单 册:
中图分类: G843.25 , G843.2
科图分类:
主题词: 足球运动--教练员--工作经验--世界
电子资源:
ISBN: 978-7-80769-760-2
000 01069nam0 2200277 450
001 2346804547
005 20231217130049.30
010    @a978-7-80769-760-2@dCNY 58.00
090    @aG843@bks
096    @aG843@bks
100    @a20150706d2014 em y0chiy0120 ea
101 1  @achi@ceng
102    @aCN@b110000
105    @ay z 000yd
200 1  @a足球经理@Azu qiu jing li@e足球领袖守口如瓶的秘辛@f迈克·卡森著@g阅洁作SoccerBooks译
210    @a北京@c北京时代华文书局@d2014
215    @a305页@d24cm
330    @a本书首度揭秘了30名足球顶尖主教练员的球队执教经历,将视角投射到这些顶层大腕身上,以真实可信、易于理解却又前所未有的方式向我们揭晓了他们的日常工作并介绍了世界顶尖足球的管理方式。
517 1  @a足球领袖守口如瓶的秘辛@Azu qiu ling xiu shou kou ru ping de mi xin
606 0  @a足球运动@x教练员@x工作经验@y世界
690    @aG843.25@v5
690    @aG843.2@v4
701  0 @c( )@a卡森@Aka sen@c(Carson, Mike)@4著
712 02 @a厦门阅洁作翻译服务公司@Axia men yue jie zuo fan yi fu wu gong si@4译
801  2 @aCN@b辽宁北配@c20231205
905    @aBZT@dG843.2@e7
    
    足球经理:足球领袖守口如瓶的秘辛/迈克·卡森著/阅洁作SoccerBooks译.-北京:北京时代华文书局,2014
    305页;24cm
    
    
    ISBN 978-7-80769-760-2:CNY 58.00
    本书首度揭秘了30名足球顶尖主教练员的球队执教经历,将视角投射到这些顶层大腕身上,以真实可信、易于理解却又前所未有的方式向我们揭晓了他们的日常工作并介绍了世界顶尖足球的管理方式。
●
相关链接 在五车中查询图书 在当当中查询图书 在豆瓣中查询图书


正题名:足球经理     索取号:G843.2/7         预约/预借

序号 登录号 条形码 馆藏地/架位号 状态 备注
1 2001626644   2001626644   辽三/辽宁北配(第三批)/2669/ [索取号:G843.2/7] 在馆    
2 2001626645   2001626645   辽三/辽宁北配(第三批)/2669/ [索取号:G843.2/7] 在馆    
3 2001626646   2001626646   辽三/辽宁北配(第三批)/2669/ [索取号:G843.2/7] 在馆    
4 2001626647   2001626647   辽三/辽宁北配(第三批)/2669/ [索取号:G843.2/7] 在馆    
5 2001626648   2001626648   辽三/辽宁北配(第三批)/2669/ [索取号:G843.2/7] 在馆    
6 2001626649   2001626649   辽三/辽宁北配(第三批)/2669/ [索取号:G843.2/7] 在馆    
7 2001626650   2001626650   辽三/辽宁北配(第三批)/2669/ [索取号:G843.2/7] 在馆    
8 2001626651   2001626651   辽三/辽宁北配(第三批)/2669/ [索取号:G843.2/7] 在馆    
9 2001626652   2001626652   辽三/辽宁北配(第三批)/2669/ [索取号:G843.2/7] 在馆    
10 2001626653   2001626653   辽三/辽宁北配(第三批)/2669/ [索取号:G843.2/7] 在馆    
山东省滨州职业学院图书馆 欢迎您!
大连网信软件有限公司© 版权所有